[Event "15. Bayer Open"]
[Site "Leverkusen"]
[Date "2017.02.06"]
[Round "3.10"]
[White "Reuter, Michael"]
[Black "Peschel, Andreas"]
[Result "0-1"]
[WhiteElo "2030"]
[BlackElo "2157"]
[PlyCount "46"]
[EventDate "2017.??.??"]
[WhiteTeam "Langenfelder SF"]
[BlackTeam "SG Solingen"]

1. d4 Nf6 2. Nf3 e6 3. Nbd2 d5 4. e3 b6 5. Bd3 Bb7 6. Qe2 Ne4 7. Ne5 Bd6 8. Qf3
Nf6 9. e4 O-O 10. O-O c5 11. c3 Qc7 12. Qe2 cxd4 13. cxd4 Bxe5 14. dxe5 Qxe5
15. Nf3 Qh5 16. e5 Ne4 17. Bf4 Nd7 18. b4 f6 19. exf6 Rxf6 20. Bc7 Raf8 21.
Bxe4 dxe4 22. Nd4 Qxe2 23. Nxe2 Ba6 0-1

[Event "15. Bayer Open"]
[Site "Leverkusen"]
[Date "2017.02.06"]
[Round "3.11"]
[White "Blumenthal, Ralf"]
[Black "Wicht, Juergen"]
[Result "0-1"]
[WhiteElo "1779"]
[BlackElo "2178"]
[PlyCount "102"]
[EventDate "2017.??.??"]
[WhiteTeam "SK Turm Euskirchen"]
[BlackTeam "vereinslos"]

1. Nf3 c5 2. g3 d5 3. d4 cxd4 4. Bg2 Nc6 5. Nxd4 Nf6 6. O-O e6 7. c3 Bc5 8. Be3
Qb6 9. b4 Bxd4 10. Bxd4 Nxd4 11. Qxd4 Qxd4 12. cxd4 Bd7 13. Rc1 a5 14. Rc7 Bc6
15. b5 Bxb5 16. Rxb7 Bxe2 17. Nc3 Bc4 18. Rab1 Nd7 19. Rc7 Ke7 20. Rbb7 Rhd8
21. Na4 Ba6 22. Ra7 Rxa7 23. Rxa7 Bc4 24. a3 Kd6 25. Rxa5 Rb8 26. h3 Rb1+ 27.
Kh2 Rb3 28. Nc5 Nxc5 29. dxc5+ Kc6 30. a4 Kb7 31. h4 Rc3 32. Kg1 Rc1+ 33. Kh2
Ba6 34. Bf3 Rc2 35. Kg1 f5 36. g4 g6 37. Kg2 Bd3 38. gxf5 gxf5 39. Bh5 Be4+ 40.
Kg3 e5 41. Be8 Rc3+ 42. Kh2 d4 43. c6+ Bxc6 44. Bxc6+ Kxc6 45. Rxe5 d3 46. Re8
Kc5 47. a5 Ra3 48. Kg2 Rxa5 49. Re5+ Kb4 50. Rxa5 Kxa5 51. Kf3 Kb4 0-1

[Event "15. Bayer Open"]
[Site "Leverkusen"]
[Date "2017.02.06"]
[Round "3.12"]
[White "Schalow, Daniel"]
[Black "Lasser, Rene"]
[Result "1-0"]
[WhiteElo "2044"]
[BlackElo "1398"]
[PlyCount "89"]
[EventDate "2017.??.??"]
[WhiteTeam "Langenfelder SF"]
[BlackTeam "Königsspringer Leverkusen"]

1. d4 Nf6 2. Bg5 Ne4 3. Bf4 h6 4. f3 Nf6 5. e4 Nh5 6. Be3 g5 7. g4 Nf6 8. c4 d6
9. Nc3 h5 10. e5 dxe5 11. dxe5 Qxd1+ 12. Rxd1 Nfd7 13. e6 fxe6 14. Bxg5 a6 15.
h4 Nf6 16. Bd3 Kf7 17. gxh5 Nxh5 18. f4 Nc6 19. Nf3 Ng3 20. Rh3 Nf5 21. Bxf5
exf5 22. Nd5 Be6 23. Nxc7 Rc8 24. Nxe6 Kxe6 25. b3 Bg7 26. h5 Bh6 27. Rd5 Rcd8
28. Nd4+ Kf7 29. Rxd8 Nxd8 30. Nxf5 Bxg5 31. fxg5 Ne6 32. g6+ Kf6 33. Ng3 Nf4
34. Rh1 e5 35. Ne4+ Kg7 36. Ng3 e4 37. Nf5+ Kf6 38. g7 Rg8 39. h6 Ng6 40. h7
Rxg7 41. Nxg7 Kxg7 42. Kf2 Kh8 43. Ke3 Ne7 44. Kxe4 Nc6 45. Rh2 1-0

[Event "15. Bayer Open"]
[Site "Leverkusen"]
[Date "2017.02.06"]
[Round "3.13"]
[White "Schülke, Tilman"]
[Black "Esser, Michael"]
[Result "1-0"]
[WhiteElo "1864"]
[BlackElo "1993"]
[PlyCount "75"]
[EventDate "2017.??.??"]
[WhiteTeam "Düsseldorfer SV"]
[BlackTeam "SC Bayer Leverkusen"]

1. g3 Nf6 2. Bg2 d5 3. f4 e6 4. d3 b6 5. Nh3 Bb7 6. Nf2 Nbd7 7. O-O Be7 8. Nc3
c5 9. e4 d4 10. Ne2 e5 11. g4 Qc7 12. g5 Ng8 13. Ng4 f6 14. gxf6 gxf6 15. fxe5
fxe5 16. Ng3 h5 17. Nf2 O-O-O 18. Nf5 Bf6 19. Nh3 Ne7 20. Ng5 Rdg8 21. Nf7 Rh7
22. N7d6+ Kb8 23. Nxb7 Qxb7 24. Nxe7 Bxe7 25. Kh1 Qc6 26. Bh3 Nf6 27. Bd2 Ng4
28. Qe2 Bh4 29. Bxg4 hxg4 30. Kg2 Bg5 31. Bxg5 Rxg5 32. Qf2 Rgh5 33. Qf8+ Kb7
34. Rf7+ Ka6 35. Rxh7 Rxh7 36. Rf1 c4 37. Qf6 cxd3 38. Qxc6 1-0

[Event "15. Bayer Open"]
[Site "Leverkusen"]
[Date "2017.02.06"]
[Round "3.14"]
[White "Alexopoulos, Spiros Orestis"]
[Black "Kesseler, Heiko"]
[Result "0-1"]
[WhiteElo "1896"]
[BlackElo "2099"]
[PlyCount "70"]
[EventDate "2017.??.??"]
[WhiteTeam "Aachener SV"]
[BlackTeam "Düsseldorfer SK"]

1. e4 c5 2. Nf3 e6 3. d4 cxd4 4. Nxd4 a6 5. c4 Qc7 6. Nc3 Nc6 7. f3 Nf6 8. Nxc6
dxc6 9. Be3 Be7 10. Bd3 O-O 11. O-O e5 12. Qc2 Be6 13. Kh1 Nd7 14. f4 exf4 15.
Bxf4 Ne5 16. Nd5 cxd5 17. exd5 Bg4 18. Rae1 Bf6 19. Bxh7+ Kh8 20. Bf5 Bh5 21.
g4 Bg6 22. Bxg6 fxg6 23. Bxe5 Bxe5 24. Qxg6 Rxf1+ 25. Rxf1 Bf4 26. Rf3 Qe5 27.
Rh3+ Bh6 28. g5 Rf8 29. Rxh6+ gxh6 30. Qxh6+ Kg8 31. Qg6+ Qg7 32. Qe6+ Qf7 33.
Kg2 Qxe6 34. dxe6 Re8 35. Kf3 Rxe6 0-1

[Event "15. Bayer Open"]
[Site "Leverkusen"]
[Date "2017.02.06"]
[Round "3.15"]
[White "Schmuck, Markus"]
[Black "Lindam, Ingo"]
[Result "1/2-1/2"]
[WhiteElo "1910"]
[BlackElo "2071"]
[PlyCount "50"]
[EventDate "2017.??.??"]
[WhiteTeam "SG Solingen"]
[BlackTeam "Kölner SK Dr. Lasker"]

1. d4 Nf6 2. Bf4 g6 3. Nf3 Bg7 4. e3 d6 5. Bd3 O-O 6. Nbd2 Nbd7 7. Qe2 Nd5 8.
Bg3 Nb4 9. c3 Nxd3+ 10. Qxd3 c5 11. O-O b6 12. Rad1 a5 13. c4 Ba6 14. Rfe1 d5
15. b3 Rc8 16. Qc2 e6 17. Ne5 Nxe5 18. dxe5 Qe7 19. a4 Rfd8 20. e4 d4 21. Qd3
h6 22. f4 Qc7 23. Nf3 Bb7 24. h4 Kh7 25. Bh2 Rg8 1/2-1/2

[Event "15. Bayer Open"]
[Site "Leverkusen"]
[Date "2017.02.06"]
[Round "3.16"]
[White "Antar Badal, Azadi"]
[Black "Scharff, Klaus"]
[Result "0-1"]
[WhiteElo "1683"]
[BlackElo "1880"]
[PlyCount "138"]
[EventDate "2017.??.??"]
[WhiteTeam "Königsspringer Leverkusen"]
[BlackTeam "SV Opladen"]

1. e4 e6 2. Nf3 h6 3. a3 Ne7 4. Nc3 d5 5. d4 a6 6. e5 g6 7. Bf4 Bg7 8. h3 b6 9.
Qd2 c5 10. b3 Bb7 11. Be2 Nd7 12. Na4 Bc6 13. Nb2 Bb7 14. c3 Rc8 15. Rd1 b5 16.
O-O Nf5 17. Bh2 Qb6 18. Rc1 O-O 19. Rfd1 Rc7 20. b4 cxd4 21. cxd4 Rfc8 22. Rxc7
Qxc7 23. Nd3 Qc2 24. Qxc2 Rxc2 25. Rc1 Rxc1+ 26. Nxc1 Nb6 27. g4 Ne7 28. Nb3
Nc4 29. Bxc4 dxc4 30. Nc5 Bxf3 31. Bf4 Nd5 32. Bc1 Nc7 33. Kf1 Bf8 34. Nd7 Bc6
35. Nb8 Bf3 36. Nd7 g5 37. Kg1 Be7 38. Kh2 c3 39. Kg3 Be2 40. Nb8 Kf8 41. Nc6
Ke8 42. Nb8 f5 43. f3 f4+ 44. Kf2 Bc4 45. Ke1 Kd8 46. Nc6+ Kd7 47. Nb8+ Kc8 48.
Nc6 Bf8 49. h4 Bd5 50. Na5 Bxf3 51. hxg5 hxg5 52. Nb3 Bxg4 53. Na5 Nd5 54. Nc6
Kc7 55. Na5 Bf5 56. Nb3 g4 57. Kf2 Be4 58. Ke2 g3 59. Kf1 f3 60. Nc5 Bxc5 61.
dxc5 Bd3+ 62. Kg1 f2+ 63. Kg2 f1=Q+ 64. Kxg3 Qg1+ 65. Kf3 Qxc1 66. a4 Qf1+ 67.
Kg4 Qf5+ 68. Kg3 Qf4+ 69. Kh3 Bf1# 0-1

[Event "15. Bayer Open"]
[Site "Leverkusen"]
[Date "2017.02.06"]
[Round "3.17"]
[White "Kamphausen, Johannes-Dieter"]
[Black "Gülsen, Taylan"]
[Result "0-1"]
[WhiteElo "1728"]
[BlackElo "2040"]
[PlyCount "80"]
[EventDate "2017.??.??"]
[WhiteTeam "SV Springer Hitdorf"]
[BlackTeam "SG Niederkassel"]

1. e4 e6 2. d4 d5 3. Nc3 Bb4 4. e5 c5 5. a3 Bxc3+ 6. bxc3 Ne7 7. Qg4 Qc7 8.
Qxg7 Rg8 9. Qxh7 cxd4 10. Ne2 Nbc6 11. f4 dxc3 12. Qd3 d4 13. Nxd4 Nxd4 14.
Qxd4 Bd7 15. Be3 b6 16. g3 O-O-O 17. Ba6+ Kb8 18. Qd6 Qxd6 19. exd6 Nf5 20. Bf2
Bc6 21. Rg1 Bf3 22. Be2 Bxe2 23. Kxe2 Nxd6 24. Rad1 Ne4 25. Rd3 Rxd3 26. cxd3
Nf6 27. Rc1 Nd5 28. d4 Rc8 29. Kd3 b5 30. Be1 b4 31. axb4 Nxb4+ 32. Ke2 Nd5 33.
Rc2 Kb7 34. Kf3 Kb6 35. h4 Kb5 36. h5 Kb4 37. Bxc3+ Nxc3 38. Rb2+ Kc4 39. Rb7
a5 40. Rxf7 Nb5 0-1

[Event "15. Bayer Open"]
[Site "Leverkusen"]
[Date "2017.02.06"]
[Round "3.18"]
[White "Ziabari, Morteza"]
[Black "Negele, Michael"]
[Result "1-0"]
[WhiteElo "1813"]
[BlackElo "2137"]
[PlyCount "95"]
[EventDate "2017.??.??"]
[WhiteTeam "Kettwiger SG"]
[BlackTeam "SC Bayer Leverkusen"]

1. e4 e6 2. d4 d5 3. e5 c5 4. c3 Qb6 5. Nf3 Bd7 6. a4 Nc6 7. Bb5 cxd4 8. cxd4
Bb4+ 9. Nc3 a6 10. Bxc6 Bxc6 11. O-O Ne7 12. Ne2 O-O 13. Ng3 Ng6 14. h4 Qd8 15.
h5 Nh4 16. h6 g6 17. Ng5 Be7 18. Qg4 Nf5 19. Nxf5 exf5 20. Qg3 Qd7 21. b3 Rfe8
22. Re1 Bf8 23. Qh4 Qd8 24. Bd2 Bd7 25. Re3 Be6 26. Rg3 Rc8 27. Qh2 Rc2 28.
Nxe6 Rxe6 29. Bg5 Be7 30. Bxe7 Qxe7 31. Qh3 Qc7 32. Qh4 Qe7 33. Qf4 Kf8 34. Rf1
Qc7 35. Qg5 Ke8 36. Rd3 Qd8 37. Qf4 Rec6 38. Re1 Qd7 39. Qg5 Qe6 40. Qe3 Kd7
41. Rb1 Kc7 42. b4 R6c4 43. b5 Rxa4 44. bxa6 Qxa6 45. Rdb3 Rac4 46. Qg5 Qc6 47.
Qe7+ Kc8 48. Qf8+ 1-0

[Event "15. Bayer Open"]
[Site "Leverkusen"]
[Date "2017.02.06"]
[Round "3.19"]
[White "Ljuboschiz, Alexander"]
[Black "Axmann, Michael"]
[Result "1/2-1/2"]
[WhiteElo "1991"]
[BlackElo "1701"]
[PlyCount "55"]
[EventDate "2017.??.??"]
[WhiteTeam "SC Tornado Hochneukirch"]
[BlackTeam "SC Bayer Leverkusen"]

1. e4 e5 2. Nc3 Nf6 3. Bc4 Bc5 4. d3 O-O 5. Bg5 h6 6. Bh4 Be7 7. Nge2 Nc6 8.
Qd2 a6 9. O-O b5 10. Bb3 Bb7 11. Bg3 Nh5 12. Nd5 Bg5 13. f4 exf4 14. Bxf4 Nxf4
15. Ndxf4 Ne7 16. Qe1 c5 17. h4 Bxf4 18. Nxf4 Rc8 19. c3 Qb6 20. Qf2 Rc6 21.
Nh5 c4 22. dxc4 bxc4 23. Qxb6 Rxb6 24. Bxc4 Rxb2 25. Ng3 d5 26. exd5 Nxd5 27.
Bxd5 Bxd5 28. Rf2 1/2-1/2

[Event "15. Bayer Open"]
[Site "Leverkusen"]
[Date "2017.02.06"]
[Round "3.20"]
[White "Dump, Marcus"]
[Black "Kronseder, Michael"]
[Result "1-0"]
[WhiteElo "2074"]
[BlackElo "1537"]
[PlyCount "80"]
[EventDate "2017.??.??"]
[WhiteTeam "SF Essen-Werden"]
[BlackTeam "SV Hürth-Berrenrath"]

1. d4 Nf6 2. Nf3 e6 3. c4 Bb4+ 4. Nbd2 c5 5. dxc5 Na6 6. a3 Bxd2+ 7. Nxd2 Nxc5
8. b4 Na6 9. g3 d5 10. Bg2 dxc4 11. Qc2 O-O 12. O-O c3 13. Qxc3 Nd5 14. Qb3 Rb8
15. Nc4 Bd7 16. e4 Nb6 17. Nxb6 axb6 18. Be3 b5 19. Bf4 Rc8 20. Rfd1 g5 21.
Bxg5 Qxg5 22. Rxd7 Qe5 23. Rad1 Nb8 24. R7d3 Nc6 25. Qc3 Qg5 26. f4 Qe7 27. Rd7
Qe8 28. Qf6 Rd8 29. Qg5+ Kh8 30. Qf6+ Kg8 31. R7d6 Ra8 32. Qg5+ Kh8 33. Qf6+
Kg8 34. e5 Rxa3 35. Qg5+ Kh8 36. Qf6+ Kg8 37. Be4 Ne7 38. Rd7 Nd5 39. Qg5+ Kh8
40. Qh6 Rxg3+ 1-0

[Event "15. Bayer Open"]
[Site "Leverkusen"]
[Date "2017.02.06"]
[Round "3.21"]
[White "Kies, Werner"]
[Black "Humeniuk, Andreas"]
[Result "1-0"]
[WhiteElo "1862"]
[BlackElo "1734"]
[PlyCount "81"]
[EventDate "2017.??.??"]
[WhiteTeam "SC Bayer Leverkusen"]
[BlackTeam "SF Köln-Mülheim"]

1. e4 Nc6 2. d4 d5 3. e5 Bf5 4. Bb5 a6 5. Ba4 b5 6. Bb3 e6 7. Nf3 Bg4 8. c3 Na5
9. Be3 Nxb3 10. axb3 Ne7 11. h3 Bh5 12. g4 Bg6 13. Nbd2 h5 14. Rg1 hxg4 15.
hxg4 Nc8 16. Nf1 Be7 17. Ng3 Nb6 18. Qe2 Kd7 19. Rxa6 c6 20. Rxa8 Qxa8 21. Qd1
Qa2 22. Bc1 b4 23. Ne2 Ra8 24. Kf1 Qb1 25. Nd2 Qd3 26. Rg3 Qb5 27. Kg2 Ra1 28.
Nf4 bxc3 29. bxc3 Ba3 30. c4 Qa6 31. Nxg6 Bxc1 32. Qc2 Bxd2 33. Qxd2 fxg6 34.
Qg5 Qa3 35. Qxg6 Qf8 36. c5 Qh8 37. Rh3 Rg1+ 38. Kxg1 Qxh3 39. Qxg7+ Kc8 40.
cxb6 Qxb3 41. Qc7# 1-0

[Event "15. Bayer Open"]
[Site "Leverkusen"]
[Date "2017.02.06"]
[Round "3.22"]
[White "Asadzade, Idris"]
[Black "Arlt, Klaus"]
[Result "1/2-1/2"]
[WhiteElo "1770"]
[BlackElo "1997"]
[PlyCount "81"]
[EventDate "2017.??.??"]
[WhiteTeam "Königsspringer Leverkusen"]
[BlackTeam "Ford SF Köln"]

1. c4 c6 2. e4 d5 3. exd5 cxd5 4. d4 Nf6 5. Nc3 Nc6 6. Nf3 e6 7. Bg5 Be7 8. Be2
O-O 9. O-O a6 10. c5 Ne4 11. Bxe7 Qxe7 12. Qc2 f5 13. Rad1 Rf6 14. Ne5 Nxe5 15.
dxe5 Rh6 16. Nxe4 fxe4 17. Qc3 Bd7 18. f3 Qh4 19. h3 Bc6 20. fxe4 Qxe4 21. Bf3
Qh4 22. Rd4 Qe7 23. Bg4 Rf8 24. Rdf4 Rxf4 25. Rxf4 Rg6 26. b4 h5 27. Bf3 Rg5
28. h4 Rf5 29. Rxf5 exf5 30. Qd4 Qf7 31. a4 Kh8 32. b5 axb5 33. axb5 Bxb5 34.
Qxd5 Qe7 35. Qd6 Qxh4 36. Qf8+ Kh7 37. Qxf5+ g6 38. Qf7+ Kh6 39. Qf8+ Kh7 40.
Qf7+ Kh6 41. Qf8+ 1/2-1/2

[Event "15. Bayer Open"]
[Site "Leverkusen"]
[Date "2017.02.06"]
[Round "3.23"]
[White "Gnass, Arno"]
[Black "Claßen, Harald"]
[Result "0-1"]
[WhiteElo "1658"]
[BlackElo "1992"]
[PlyCount "56"]
[EventDate "2017.??.??"]
[WhiteTeam "Bergische SF"]
[BlackTeam "SC Bayer Leverkusen"]

1. d4 Nf6 2. Nf3 d5 3. e3 e6 4. b3 b6 5. Bb2 Bb7 6. Bd3 Bd6 7. O-O c5 8. Nbd2
Nc6 9. Re1 O-O 10. a3 Rc8 11. Ne5 Qe7 12. Ndf3 Rfd8 13. Ng5 Rf8 14. f4 h6 15.
Ngf3 Ne4 16. Qe2 Rfd8 17. Nd2 Nb8 18. a4 cxd4 19. exd4 Bb4 20. Nef3 Qc7 21. Rf1
Qxf4 22. Nxe4 dxe4 23. Ne5 exd3 24. Nxd3 Qd6 25. Qh5 Rf8 26. Nxb4 Qxb4 27. Ba3
Qxd4+ 28. Kh1 Rxc2 0-1

[Event "15. Bayer Open"]
[Site "Leverkusen"]
[Date "2017.02.06"]
[Round "3.24"]
[White "Hoffmann, Michael"]
[Black "Bosbach, Jens"]
[Result "1-0"]
[WhiteElo "1682"]
[BlackElo "1853"]
[PlyCount "47"]
[EventDate "2017.??.??"]
[WhiteTeam "SG Neuss"]
[BlackTeam "Langenfelder SF"]

1. c4 Nf6 2. g3 e6 3. Bg2 c5 4. Nf3 Nc6 5. O-O Be7 6. Nc3 O-O 7. d4 cxd4 8.
Nxd4 a6 9. b3 Qb6 10. Nf3 d6 11. Bb2 Qc7 12. Rc1 b6 13. Nd5 Qd8 14. Nxe7+ Nxe7
15. Ng5 Ra7 16. Qd3 Ng6 17. Rfd1 Ne8 18. Ne4 Rd7 19. Ba3 f5 20. Nc3 Rf6 21. e3
Ne5 22. Qd4 Bb7 23. Bxb7 Rxb7 24. Qxe5 1-0

[Event "15. Bayer Open"]
[Site "Leverkusen"]
[Date "2017.02.06"]
[Round "3.25"]
[White "Wirtz, Uwe"]
[Black "Elshani, Shaip"]
[Result "1/2-1/2"]
[WhiteElo "1842"]
[BlackElo "1552"]
[PlyCount "55"]
[EventDate "2017.??.??"]
[WhiteTeam "Königsspringer Leverkusen"]
[BlackTeam "SC Bayer Leverkusen"]

1. e4 d6 2. d4 e5 3. dxe5 dxe5 4. Qxd8+ Kxd8 5. Bc4 f6 6. Be3 Nc6 7. a3 Bd6 8.
Ne2 Nge7 9. Nbc3 Na5 10. Ba2 b6 11. Rd1 Ba6 12. O-O Kc8 13. Rfe1 Bc4 14. Bc1
Bxa2 15. Nxa2 Kb7 16. Nec3 a6 17. b3 Rhd8 18. Re2 Rd7 19. Red2 Rad8 20. Nb4
Nac6 21. Nbd5 Nxd5 22. Nxd5 Ne7 23. Ne3 Kc8 24. b4 Nc6 25. Bb2 Bf8 26. Rxd7
Rxd7 27. Rxd7 Kxd7 28. Kf1 1/2-1/2

[Event "15. Bayer Open"]
[Site "Leverkusen"]
[Date "2017.02.06"]
[Round "3.26"]
[White "Autiero, Giovanni"]
[Black "Rosenauer, Horst"]
[Result "0-1"]
[WhiteElo "1773"]
[BlackElo "1867"]
[PlyCount "50"]
[EventDate "2017.??.??"]
[WhiteTeam "Düsseldorfer SK"]
[BlackTeam "Bergische SF"]

1. d4 Nf6 2. c4 e6 3. Nc3 Bb4 4. Bg5 h6 5. Bh4 c5 6. Nf3 O-O 7. e3 Nc6 8. Bd3
cxd4 9. exd4 b6 10. O-O Bxc3 11. bxc3 Na5 12. Qe2 Bb7 13. Nd2 d5 14. Qe5 Rc8
15. Bxf6 Qxf6 16. Qxf6 gxf6 17. cxd5 Rxc3 18. Be4 Bxd5 19. Bxd5 exd5 20. Rfe1
Rfc8 21. h3 Kf8 22. Re2 Rc1+ 23. Rxc1 Rxc1+ 24. Kh2 Rc2 25. Kg3 Nc4 0-1

[Event "15. Bayer Open"]
[Site "Leverkusen"]
[Date "2017.02.06"]
[Round "3.27"]
[White "Riesen, Peter"]
[Black "Spiekermann, Stefan"]
[Result "0-1"]
[WhiteElo "1670"]
[BlackElo "1958"]
[PlyCount "82"]
[EventDate "2017.??.??"]
[WhiteTeam "Klub Kölner SF"]
[BlackTeam "SV Menden"]

1. e4 c5 2. c3 d5 3. exd5 Qxd5 4. d4 Nf6 5. Nf3 e6 6. Be2 Be7 7. O-O O-O 8. c4
Qd8 9. Nc3 cxd4 10. Qxd4 Bd7 11. Bg5 h6 12. Bh4 Nc6 13. Qd2 Qc8 14. a3 Rd8 15.
Qc2 e5 16. Bg3 Bf5 17. Qc1 Nd4 18. Nxe5 Nb3 19. Qf4 g5 20. Qf3 Nd2 21. Qe3 Bc5
22. Nd5 Rxd5 23. Qc3 Nfe4 24. Qc1 Nb3 25. Qe1 Nxg3 26. cxd5 Nxa1 27. hxg3 Qe8
28. Bh5 Bg6 29. Bxg6 fxg6 30. Qc3 Rc8 31. Kh2 Bd6 32. Qe1 Nc2 33. Qe4 Bxe5 34.
Qd3 Bg7 35. Rc1 Nd4 36. Rd1 Qf7 37. d6 Rd8 38. Qe4 Rxd6 39. Re1 Re6 40. Qb1
Rxe1 41. Qxe1 Qe6 0-1

[Event "15. Bayer Open"]
[Site "Leverkusen"]
[Date "2017.02.06"]
[Round "3.29"]
[White "Jiritschka, Wolfgang"]
[Black "Stuch, Hans-Ferdinand"]
[Result "1-0"]
[WhiteElo "1811"]
[BlackElo "1570"]
[PlyCount "69"]
[EventDate "2017.??.??"]
[WhiteTeam "SC Bayer Leverkusen"]
[BlackTeam "SC Bonn Beuel"]

1. c4 Nf6 2. Nc3 g6 3. g3 Bg7 4. Bg2 c5 5. Nf3 O-O 6. O-O d6 7. d4 Nbd7 8. b3
cxd4 9. Qxd4 Nc5 10. Bb2 Qa5 11. Qd2 Nfe4 12. Nxe4 Qxd2 13. Nfxd2 Bxb2 14. Rad1
Ne6 15. Nf3 f5 16. Neg5 Nxg5 17. Nxg5 Bf6 18. h4 Kg7 19. f4 h6 20. Nf3 Rb8 21.
Nd4 e5 22. Nb5 e4 23. Rxd6 Be7 24. Rdd1 Bc5+ 25. Kh2 a6 26. Nc7 Bb6 27. Nd5 Bd8
28. e3 Be6 29. Nb4 Bb6 30. Nc2 Rfd8 31. Kg1 Rd3 32. Nd4 Bxd4 33. exd4 Rxg3 34.
d5 Bf7 35. Kh2 1-0

[Event "15. Bayer Open"]
[Site "Leverkusen"]
[Date "2017.02.06"]
[Round "3.30"]
[White "Birnkott, Manfred"]
[Black "Ipekyilmaz, Tayfun"]
[Result "1/2-1/2"]
[WhiteElo "1845"]
[BlackElo "1645"]
[PlyCount "114"]
[EventDate "2017.??.??"]
[WhiteTeam "SC Bayer Leverkusen"]
[BlackTeam "Langenfelder SF"]

1. c4 Nf6 2. Nc3 d5 3. cxd5 Nxd5 4. e4 Nxc3 5. bxc3 g6 6. d4 c5 7. Nf3 Bg7 8.
Bb5+ Bd7 9. Qa4 O-O 10. Bxd7 Qxd7 11. Qxd7 Nxd7 12. O-O c4 13. a4 b6 14. Ba3
Rfe8 15. Nd2 Nf6 16. Rae1 Rac8 17. f4 e6 18. h3 h5 19. g3 Kh7 20. Nf3 Bh6 21.
Ne5 Bf8 22. Bc1 Kg7 23. Kg2 Bd6 24. Nf3 Nd7 25. g4 hxg4 26. hxg4 Rh8 27. Rh1 a6
28. Be3 Ba3 29. Rxh8 Rxh8 30. Rb1 Rb8 31. Ng5 Be7 32. Nf3 b5 33. axb5 Rxb5 34.
Rxb5 axb5 35. d5 exd5 36. exd5 b4 37. cxb4 Bxb4 38. Bc1 Nb6 39. Ne5 c3 40. Nd3
Nxd5 41. Kf3 f5 42. gxf5 gxf5 43. Nxb4 Nxb4 44. Ke2 Na2 45. Ba3 c2 46. Kd2
c1=Q+ 47. Bxc1 Nxc1 48. Kxc1 Kg6 49. Kd2 Kh5 50. Ke3 Kg4 51. Ke2 Kxf4 52. Kf2
Kg4 53. Kg2 f4 54. Kf2 f3 55. Kf1 Kg3 56. Kg1 f2+ 57. Kf1 Kf3 1/2-1/2

[Event "15. Bayer Open"]
[Site "Leverkusen"]
[Date "2017.02.06"]
[Round "3.31"]
[White "Rist, Kurt"]
[Black "Kuhn, Andreas"]
[Result "0-1"]
[WhiteElo "1503"]
[BlackElo "1877"]
[PlyCount "81"]
[EventDate "2017.??.??"]
[WhiteTeam "SG Solingen"]
[BlackTeam "SG Niederkassel"]

1. e4 e5 2. Nf3 d6 3. Bc4 Be7 4. O-O Nf6 5. d3 O-O 6. Nc3 Nc6 7. Re1 Na5 8. Bb3
c6 9. Bd2 Qc7 10. Ne2 Nxb3 11. axb3 Re8 12. Ng3 a6 13. Ba5 b6 14. Bc3 Bf8 15.
h3 g6 16. Bd2 Bg7 17. Qc1 Bb7 18. Bh6 Bh8 19. Qg5 Nd7 20. h4 Qd8 21. Qd2 Nc5
22. h5 Ne6 23. hxg6 hxg6 24. c3 c5 25. Kh2 Bg7 26. Rh1 Qf6 27. Kg1 Bxh6 28.
Qxh6 Qg7 29. Qe3 f6 30. Rh4 Kf7 31. Rg4 Nf4 32. Nf5 Qf8 33. Rh4 gxf5 34. Rh7+
Kg8 35. Rxb7 Re7 36. Rxe7 Qxe7 37. exf5 Qh7 38. Nd2 Kf7 39. Ne4 Rh8 40. Nxd6+
Ke7 41. Nc8+ 0-1

[Event "15. Bayer Open"]
[Site "Leverkusen"]
[Date "2017.02.06"]
[Round "3.32"]
[White "Becker, Johann"]
[Black "Beyer, Fabian"]
[Result "0-1"]
[WhiteElo "1551"]
[BlackElo "1694"]
[PlyCount "68"]
[EventDate "2017.??.??"]
[WhiteTeam "TV Witzhelden"]
[BlackTeam "SG Solingen"]

1. e4 c6 2. Nc3 d5 3. Nf3 Bg4 4. h3 Bxf3 5. Qxf3 d4 6. Bc4 e6 7. Ne2 g6 8. O-O
Bg7 9. c3 c5 10. cxd4 cxd4 11. Qb3 Qd7 12. d3 Ne7 13. Bd2 Nbc6 14. Rac1 O-O 15.
Nf4 Kh8 16. Rc2 a6 17. a4 g5 18. Bxe6 fxe6 19. Nxe6 Rf6 20. Nc5 Qc7 21. Qxb7
Qxb7 22. Nxb7 h6 23. Rfc1 Ne5 24. Nc5 N7c6 25. b4 Bf8 26. Rd1 Bxc5 27. bxc5 Rb8
28. Be1 Rb3 29. Rcc1 Nxd3 30. Rb1 Rxb1 31. Rxb1 Nxe1 32. Rxe1 Ne5 33. Rd1 d3
34. Kf1 Rc6 0-1

[Event "15. Bayer Open"]
[Site "Leverkusen"]
[Date "2017.02.06"]
[Round "3.33"]
[White "Rudolph, Eva"]
[Black "Hansel, Rainer"]
[Result "0-1"]
[WhiteElo "1680"]
[BlackElo "1906"]
[PlyCount "74"]
[EventDate "2017.??.??"]
[WhiteTeam "Düsseldorfer SK"]
[BlackTeam "SF Köln-Longerich"]

1. e4 c5 2. Nc3 Nc6 3. f4 d6 4. Nf3 g6 5. Bb5 Bd7 6. Bxc6 Bxc6 7. O-O Bg7 8. d3
e6 9. Qe1 Ne7 10. Qh4 d5 11. Re1 b5 12. Kh1 b4 13. Nd1 dxe4 14. dxe4 Bxe4 15.
Qf2 Bxf3 16. Qxf3 Qd5 17. Qf2 Nf5 18. c3 O-O 19. Bd2 Rfd8 20. Re2 Nd6 21. Ne3
Ne4 22. Nxd5 Nxf2+ 23. Rxf2 Rxd5 24. cxb4 Bxb2 25. Rb1 Bd4 26. Re2 cxb4 27.
Rxb4 Rad8 28. g3 Rc8 29. Be3 Bxe3 30. Rxe3 Rd2 31. Rb1 Rxa2 32. Kg1 Rcc2 33. h4
Kg7 34. Kf1 Kf6 35. Re5 Rf2+ 36. Ke1 Rg2 37. Re3 Rg1# 0-1

[Event "15. Bayer Open"]
[Site "Leverkusen"]
[Date "2017.02.06"]
[Round "3.34"]
[White "Wehr, Günter"]
[Black "Pützkaul, Karl"]
[Result "1/2-1/2"]
[WhiteElo "1433"]
[BlackElo "1687"]
[PlyCount "57"]
[EventDate "2017.??.??"]
[WhiteTeam "SV Opladen"]
[BlackTeam "SC Bayer Leverkusen"]

1. d4 Nf6 2. c4 e6 3. Nc3 Bb4 4. Bd2 c5 5. a3 Bxc3 6. Bxc3 cxd4 7. Bxd4 Nc6 8.
Nf3 O-O 9. e3 b6 10. Be2 Bb7 11. O-O Qe7 12. Bc3 Ne4 13. Qc2 f5 14. Nd2 Nxc3
15. Qxc3 d6 16. Rad1 e5 17. f3 Rac8 18. b4 a6 19. Qb3 Qf7 20. Rf2 Rfd8 21. Rdf1
Kf8 22. Ne4 h6 23. Qc2 f4 24. exf4 Nd4 25. Qd3 Nxe2+ 26. Rxe2 Qxc4 27. Qxc4
Rxc4 28. fxe5 dxe5 29. Ng3 1/2-1/2

[Event "15. Bayer Open"]
[Site "Leverkusen"]
[Date "2017.02.06"]
[Round "3.35"]
[White "Meul, Willi"]
[Black "Klees, Robert"]
[Result "1-0"]
[WhiteElo "1740"]
[BlackElo "1343"]
[PlyCount "125"]
[EventDate "2017.??.??"]
[WhiteTeam "SV Hürth-Berrenrath"]
[BlackTeam "SF Düsseldorf-Süd"]

1. d4 Nf6 2. Nf3 g6 3. c4 Bg7 4. Nc3 d6 5. e4 O-O 6. Be2 Nbd7 7. O-O e5 8. d5
c6 9. Bg5 Qc7 10. Qd2 Nc5 11. Bxf6 Bxf6 12. b4 Nd7 13. Rfd1 a5 14. dxc6 bxc6
15. b5 Be7 16. bxc6 Qxc6 17. Nd5 Bd8 18. Nc3 Be7 19. Qd5 Bb7 20. Rab1 Nf6 21.
Qxc6 Bxc6 22. Nd2 Rab8 23. Nd5 Nxd5 24. cxd5 Bd7 25. Rdc1 f5 26. f3 Bg5 27.
Rxb8 Rxb8 28. Rb1 Rc8 29. Nc4 fxe4 30. fxe4 Ba4 31. Nxd6 Be3+ 32. Kf1 Rf8+ 33.
Bf3 Bc2 34. Rb2 Bd3+ 35. Ke1 Bc5 36. Kd2 Ba6 37. Nb7 Bb4+ 38. Kd1 Bxb7 39. a3
Bxa3 40. Rxb7 Ra8 41. Bg4 Bc5 42. Kc2 a4 43. Kb2 a3+ 44. Ka2 Bd6 45. Be6+ Kh8
46. Rb6 Bc5 47. Rc6 Bb4 48. d6 Rf8 49. d7 Be7 50. Rc8 Bd8 51. Kxa3 Kg7 52. Kb4
Kf6 53. Bh3 Ke7 54. Kc5 Rf2 55. Kd5 Ra2 56. Kxe5 Ra5+ 57. Kd4 Ra4+ 58. Rc4 Bb6+
59. Kd5 Ra5+ 60. Kc6 Bd8 61. Rc5 Ra6+ 62. Kb7 Rb6+ 63. Kc8 1-0